[Event "Open de Figueres Miquel Mas 2016"]
[Site "Figueres ESP"]
[Date "2016.08.11"]
[Round "1.1"]
[White "Cordova, Emilio"]
[Black "Muratet Casadevall, Albert"]
[Result "1-0"]
[WhiteElo "2627"]
[BlackElo "2204"]
[PlyCount "63"]
[EventDate "2016.08.11"]
[EventType "swiss"]
[EventRounds "9"]
[EventCountry "ESP"]
[SourceTitle "Ajedrez en Madrid"]
[Source "lmi"]
[SourceDate "2016.08.11"]
[SourceVersion "1"]
[SourceVersionDate "2018.07.27"]
[SourceQuality "1"]

1. d4 Nf6 2. Bg5 Ne4 3. h4 d5 4. e3 Qd6 5. Nc3 Nxc3 6. bxc3 Qa3 7. Ne2 Bf5 8.
f3 h5 9. Kf2 Nd7 10. Bf4 e6 11. c4 Nb6 12. c5 Nc4 13. Ng3 O-O-O 14. Nxf5 exf5
15. Qd3 g6 16. Qb3 Qa6 17. a4 Bh6 18. Bxh6 Rxh6 19. Qb5 c6 20. Qxa6 bxa6 21.
Rb1 Kc7 22. Bxc4 dxc4 23. Rb4 f4 24. Rhb1 fxe3+ 25. Kxe3 Kd7 26. Rxc4 g5 27.
hxg5 Rg6 28. Rb7+ Ke6 29. f4 Kd5 30. Rcb4 Re6+ 31. Kd3 f5 32. c4# 1-0

[Event "Open de Figueres Miquel Mas 2016"]
[Site "Figueres ESP"]
[Date "2016.08.11"]
[Round "1.2"]
[White "Dave, Dhyani"]
[Black "Sandipan, Chanda"]
[Result "0-1"]
[WhiteElo "2128"]
[BlackElo "2572"]
[PlyCount "74"]
[EventDate "2016.08.11"]
[EventType "swiss"]
[EventRounds "9"]
[EventCountry "ESP"]
[SourceTitle "Ajedrez en Madrid"]
[Source "lmi"]
[SourceDate "2016.08.11"]
[SourceVersion "1"]
[SourceVersionDate "2018.07.27"]
[SourceQuality "1"]

1. e4 c5 2. Nf3 d6 3. d4 cxd4 4. Nxd4 Nf6 5. Nc3 e6 6. Be2 a6 7. a4 Nc6 8. O-O
Be7 9. Be3 O-O 10. f4 Qc7 11. Kh1 Bd7 12. Nb3 b6 13. Bf3 Rae8 14. Qe2 Bc8 15.
Rad1 Bb7 16. g4 Nd7 17. g5 Nc5 18. Nd4 Nxd4 19. Bxd4 e5 20. Be3 exf4 21. Bxf4
Ne6 22. Bg3 Nxg5 23. Nd5 Bxd5 24. Rxd5 Nxf3 25. Rxf3 Rc8 26. Rc3 Qb7 27. Rxc8
Rxc8 28. Bxd6 Bxd6 29. Rxd6 f5 30. Kg1 fxe4 31. Re6 Qd5 32. Rxe4 Qg5+ 33. Rg4
Qc1+ 34. Qf1 Rxc2 35. Qxc1 Rxc1+ 36. Kg2 Rc2+ 37. Kg3 Rxb2 0-1

[Event "Open de Figueres Miquel Mas 2016"]
[Site "Figueres ESP"]
[Date "2016.08.11"]
[Round "1.3"]
[White "Gomez Garrido, Camilo Ernesto"]
[Black "Colls Gelaberto, Emili"]
[Result "1-0"]
[WhiteElo "2560"]
[BlackElo "2092"]
[PlyCount "91"]
[EventDate "2016.08.11"]
[EventType "swiss"]
[EventRounds "9"]
[EventCountry "ESP"]
[SourceTitle "Ajedrez en Madrid"]
[Source "lmi"]
[SourceDate "2016.08.11"]
[SourceVersion "1"]
[SourceVersionDate "2018.07.27"]
[SourceQuality "1"]

1. e4 c6 2. d4 d5 3. e5 Bf5 4. Nf3 e6 5. Be2 c5 6. O-O Nc6 7. Be3 cxd4 8. Nxd4
Nxd4 9. Bxd4 Ne7 10. c4 Nc6 11. cxd5 Qxd5 12. Bf3 Qd7 13. Bc3 Qxd1 14. Rxd1 Bc5
15. Nd2 O-O-O 16. Ne4 Bxe4 17. Bxe4 h6 18. Kf1 Rxd1+ 19. Rxd1 Rd8 20. Rxd8+
Kxd8 21. f4 Kc7 22. Bd2 h5 23. Ke2 Nd4+ 24. Kd3 Nf5 25. h3 Ng3 26. Bf3 h4 27.
a4 Bf2 28. a5 Nf5 29. Bh5 g6 30. Bd1 Kd8 31. b4 a6 32. Ke2 Bg1 33. Kf3 Bh2 34.
Kg4 Bg3 35. Bf3 Kc7 36. Kg5 Nd4 37. Kf6 Nb3 38. Be3 Be1 39. Bd1 Nd2 40. Bb6+
Kd7 41. Kxf7 Bg3 42. Be3 Nc4 43. Bc1 g5 44. Bb3 b5 45. axb6 Nxb6 46. f5 1-0

[Event "Open de Figueres Miquel Mas 2016"]
[Site "Figueres ESP"]
[Date "2016.08.11"]
[Round "1.4"]
[White "Pinsach Gelabert, Alexandre"]
[Black "Aroshidze, Levan"]
[Result "1/2-1/2"]
[WhiteElo "2077"]
[BlackElo "2520"]
[PlyCount "183"]
[EventDate "2016.08.11"]
[EventType "swiss"]
[EventRounds "9"]
[EventCountry "ESP"]
[SourceTitle "Ajedrez en Madrid"]
[Source "lmi"]
[SourceDate "2016.08.11"]
[SourceVersion "1"]
[SourceVersionDate "2018.07.27"]
[SourceQuality "1"]

1. e4 c5 2. Nf3 e6 3. c3 Nf6 4. e5 Nd5 5. d4 cxd4 6. cxd4 d6 7. Nc3 Nxc3 8.
bxc3 Qc7 9. Qb3 Nd7 10. Bf4 dxe5 11. Nxe5 Bd6 12. Bb5 O-O 13. Nxd7 Bxd7 14.
Bxd6 Qxd6 15. O-O Rac8 16. Rfd1 Bxb5 17. Qxb5 Rxc3 18. Qxb7 Rc7 19. Qf3 Rd8 20.
Rab1 g6 21. Rb7 Qxd4 22. Rbb1 Qh4 23. g3 Qe7 24. Rxd8+ Qxd8 25. Rd1 Rd7 26.
Rxd7 Qxd7 27. a3 h5 28. h4 Qd5 29. Qe3 a5 30. Qc3 a4 31. Qb4 Qd1+ 32. Kg2 Qb3
33. Qe7 Kg7 34. Kg1 Qc3 35. Kg2 e5 36. Kg1 e4 37. Kg2 Qf3+ 38. Kg1 Kh7 39. Qd6
e3 40. fxe3 Qxe3+ 41. Kg2 Qe2+ 42. Kg1 Qf3 43. Kh2 Qf2+ 44. Kh1 Kg7 45. Qe5+
Qf6 46. Qc5 Qb2 47. Qe7 Qa1+ 48. Kg2 Qa2+ 49. Kg1 Qe6 50. Qb4 Qe3+ 51. Kg2 Qe2+
52. Kg1 Qd1+ 53. Kh2 Qc2+ 54. Kg1 Qc6 55. Qe7 Qb6+ 56. Kg2 Qb8 57. Kh2 Kg8 58.
Kg2 Qf8 59. Qe3 Qd8 60. Qc5 Qd7 61. Kh2 Kg7 62. Kg2 f6 63. Kh2 Qe8 64. Qc7+ Qf7
65. Qd6 Kh7 66. Qb4 Qa7 67. Qd6 Qf2+ 68. Kh1 Qf3+ 69. Kh2 g5 70. hxg5 fxg5 71.
Qe7+ Kg6 72. Qe6+ Qf6 73. Qe8+ Qf7 74. Qe4+ Kg7 75. Qe5+ Qf6 76. Qc7+ Kh6 77.
Qc5 Qe6 78. Qb4 Qe2+ 79. Kg1 Qd1+ 80. Kh2 Qc2+ 81. Kg1 Kg6 82. Qd6+ Kf5 83.
Qd7+ Ke5 84. Qg7+ Kd6 85. Qf6+ Kc5 86. Qxg5+ Kc4 87. Qxh5 Qc1+ 88. Kf2 Qxa3 89.
Qg4+ Kb3 90. Qf3+ Ka2 91. g4 Qc5+ 92. Qe3 1/2-1/2

[Event "Open de Figueres Miquel Mas 2016"]
[Site "Figueres ESP"]
[Date "2016.08.11"]
[Round "1.6"]
[White "Parals Marce, Luis"]
[Black "Oliva Castaneda, Kevel"]
[Result "0-1"]
[WhiteElo "2053"]
[BlackElo "2491"]
[PlyCount "43"]
[EventDate "2016.08.11"]
[EventType "swiss"]
[EventRounds "9"]
[EventCountry "ESP"]
[SourceTitle "Ajedrez en Madrid"]
[Source "lmi"]
[SourceDate "2016.08.11"]
[SourceVersion "1"]
[SourceVersionDate "2018.07.27"]
[SourceQuality "1"]

1. d4 Nf6 2. Nf3 g6 3. Bf4 Bg7 4. e3 O-O 5. Be2 b6 6. O-O Bb7 7. h3 d6 8. c3
Nbd7 9. Nbd2 c5 10. Bh2 Rc8 11. Rc1 Rc7 12. Ne1 cxd4 13. exd4 Bh6 14. Bf3 Ba6
15. Be2 Bb7 16. Bf3 Ba6 17. Be2 Qc8 18. f4 Nd5 19. Bxa6 Qxa6 20. Qf3 Qxa2 21.
Nd3 Qa5 22. Ne4 0-1

[Event "Open de Figueres Miquel Mas 2016"]
[Site "Figueres ESP"]
[Date "2016.08.11"]
[Round "1.8"]
[White "Sole Pijuan, Ferran"]
[Black "Mellado Trivino, Juan"]
[Result "0-1"]
[WhiteElo "1998"]
[BlackElo "2427"]
[PlyCount "44"]
[EventDate "2016.08.11"]
[EventType "swiss"]
[EventRounds "9"]
[EventCountry "ESP"]
[SourceTitle "Ajedrez en Madrid"]
[Source "lmi"]
[SourceDate "2016.08.11"]
[SourceVersion "1"]
[SourceVersionDate "2018.07.27"]
[SourceQuality "1"]

1. d4 d5 2. c4 Nc6 3. Nc3 dxc4 4. d5 Ne5 5. f4 Ng4 6. e4 e5 7. f5 h5 8. Qa4+
Bd7 9. Qxc4 c6 10. Be2 Qb6 11. Bxg4 hxg4 12. Nge2 Nf6 13. Bg5 cxd5 14. Nxd5
Nxd5 15. Qxd5 f6 16. O-O-O Qc6+ 17. Qxc6 Bxc6 18. Be3 Bxe4 19. Nc3 Bxg2 20.
Rhg1 Bf3 21. Rd2 a6 22. a3 Rc8 0-1

[Event "Open de Figueres Miquel Mas 2016"]
[Site "Figueres ESP"]
[Date "2016.08.11"]
[Round "1.11"]
[White "Bergez, Luc"]
[Black "Severri Arrese, Carlos"]
[Result "1-0"]
[WhiteElo "2344"]
[BlackElo "1984"]
[PlyCount "79"]
[EventDate "2016.08.11"]
[EventType "swiss"]
[EventRounds "9"]
[EventCountry "ESP"]
[SourceTitle "Ajedrez en Madrid"]
[Source "lmi"]
[SourceDate "2016.08.11"]
[SourceVersion "1"]
[SourceVersionDate "2018.07.27"]
[SourceQuality "1"]

1. e4 e6 2. d4 d5 3. Nc3 Bb4 4. Bd3 dxe4 5. Bxe4 Nf6 6. Bf3 Nbd7 7. Nge2 a6 8.
O-O O-O 9. Bg5 Be7 10. Bf4 Bd6 11. Re1 Bxf4 12. Nxf4 c6 13. Qd2 e5 14. Nfe2 Nb6
15. Rad1 Bg4 16. dxe5 Qxd2 17. Rxd2 Bxf3 18. exf6 Bg4 19. Rd4 Bxe2 20. Rxe2
Rfe8 21. Kf1 Rxe2 22. Kxe2 a5 23. Rg4 g6 24. Rd4 h6 25. Kd3 g5 26. Rd6 Kh7 27.
Kd4 Re8 28. Ne4 Kg6 29. f3 Rc8 30. c4 Rc7 31. Nc5 Nc8 32. Ke5 b5 33. Rd7 Rxd7
34. Nxd7 Kh7 35. c5 Kg8 36. a3 a4 37. Nb6 Na7 38. Kd6 Kf8 39. Kd7 h5 40. Nc8
1-0

[Event "Open de Figueres Miquel Mas 2016"]
[Site "Figueres ESP"]
[Date "2016.08.11"]
[Round "1.13"]
[White "Cuadras Avellana, Jordi"]
[Black "Lopez Guaita, Fernando"]
[Result "1-0"]
[WhiteElo "2303"]
[BlackElo "1934"]
[PlyCount "83"]
[EventDate "2016.08.11"]
[EventType "swiss"]
[EventRounds "9"]
[EventCountry "ESP"]
[SourceTitle "Ajedrez en Madrid"]
[Source "lmi"]
[SourceDate "2016.08.11"]
[SourceVersion "1"]
[SourceVersionDate "2018.07.27"]
[SourceQuality "1"]

1. e4 c6 2. d4 d5 3. exd5 cxd5 4. c4 Nf6 5. Nc3 e6 6. Nf3 Nc6 7. c5 Be7 8. Bb5
Bd7 9. O-O O-O 10. Re1 b6 11. Bxc6 Bxc6 12. Ne5 Rc8 13. Nxc6 Rxc6 14. b4 bxc5
15. bxc5 Ne4 16. Qa4 Qd7 17. Nxe4 dxe4 18. Rxe4 Bf6 19. Bf4 Qb7 20. Rae1 Ra6
21. Qb3 Qd5 22. Qxd5 exd5 23. Re8 g5 24. Rxf8+ Kxf8 25. Be5 Re6 26. Kf1 Be7 27.
Rc1 Ke8 28. Rc3 Kd7 29. f3 Ra6 30. a3 Re6 31. g4 Bd8 32. Rb3 Kc6 33. Rb8 Be7
34. Ra8 Kb7 35. Re8 Kc6 36. a4 Kd7 37. Rb8 Ra6 38. Rb7+ Ke6 39. c6 Rxa4 40. c7
Rc4 41. Rxa7 Bb4 42. Ra8 1-0

[Event "Open de Figueres Miquel Mas 2016"]
[Site "Figueres ESP"]
[Date "2016.08.11"]
[Round "1.14"]
[White "Falgueras Marti, Carles"]
[Black "Vidal Zamora, Alex"]
[Result "0-1"]
[WhiteElo "1934"]
[BlackElo "2291"]
[PlyCount "60"]
[EventDate "2016.08.11"]
[EventType "swiss"]
[EventRounds "9"]
[EventCountry "ESP"]
[SourceTitle "Ajedrez en Madrid"]
[Source "lmi"]
[SourceDate "2016.08.11"]
[SourceVersion "1"]
[SourceVersionDate "2018.07.27"]
[SourceQuality "1"]

1. e4 c5 2. Nf3 e6 3. c3 Nf6 4. e5 Nd5 5. c4 Ne7 6. Nc3 Nbc6 7. Nb5 Ng6 8. Nd6+
Bxd6 9. exd6 Qf6 10. d4 Nxd4 11. Nxd4 cxd4 12. Be2 b6 13. Qd3 Bb7 14. O-O e5
15. Qa3 O-O 16. Bd2 Rfe8 17. f3 Re6 18. Rac1 Rxd6 19. c5 bxc5 20. Rxc5 Rc6 21.
Bb5 Rxc5 22. Qxc5 Qb6 23. Rc1 Qxc5 24. Rxc5 Rc8 25. Bb4 Bc6 26. Ba6 Rc7 27. Ba3
Nf4 28. Bf1 d6 29. Ra5 d3 30. Bxd3 Nxd3 0-1

[Event "Open de Figueres Miquel Mas 2016"]
[Site "Figueres ESP"]
[Date "2016.08.11"]
[Round "1.16"]
[White "Serrano Martinez, Francisco Jo"]
[Black "Renteria, Jorge"]
[Result "1/2-1/2"]
[WhiteElo "1858"]
[BlackElo "2264"]
[PlyCount "31"]
[EventDate "2016.08.11"]
[EventType "swiss"]
[EventRounds "9"]
[EventCountry "ESP"]
[SourceTitle "Ajedrez en Madrid"]
[Source "lmi"]
[SourceDate "2016.08.11"]
[SourceVersion "1"]
[SourceVersionDate "2018.07.27"]
[SourceQuality "1"]

1. e4 c5 2. d4 cxd4 3. c3 dxc3 4. Nxc3 e6 5. Nf3 a6 6. Bc4 Qc7 7. Qe2 Nc6 8.
O-O Nf6 9. Nd5 exd5 10. exd5+ Ne7 11. d6 Qxd6 12. Ng5 b5 13. Bxf7+ Kd8 14. Bb3
Ke8 15. Bf7+ Kd8 16. Bb3 1/2-1/2

[Event "Open de Figueres Miquel Mas 2016"]
[Site "Figueres ESP"]
[Date "2016.08.12"]
[Round "2.1"]
[White "Aguero Jimenez, Luis Lazaro"]
[Black "Cordova, Emilio"]
[Result "0-1"]
[WhiteElo "2388"]
[BlackElo "2627"]
[PlyCount "84"]
[EventDate "2016.08.11"]
[EventType "swiss"]
[EventRounds "9"]
[EventCountry "ESP"]
[SourceTitle "Ajedrez en Madrid"]
[Source "lmi"]
[SourceDate "2016.08.11"]
[SourceVersion "1"]
[SourceVersionDate "2018.07.27"]
[SourceQuality "1"]

1. e4 c5 2. Nf3 a6 3. c3 e6 4. d4 d5 5. exd5 exd5 6. Be3 c4 7. b3 cxb3 8. axb3
Bd6 9. Bd3 Nc6 10. O-O h6 11. Nbd2 Nf6 12. b4 Rb8 13. Qc2 O-O 14. Rfb1 Qc7 15.
Nf1 Bg4 16. N3d2 Rfc8 17. Rc1 Qd8 18. Qb1 Bd7 19. Ng3 Ng4 20. Ndf1 Qf6 21. Nf5
Bc7 22. h3 Nxe3 23. N1xe3 Be6 24. b5 axb5 25. Qxb5 Rd8 26. Bc2 h5 27. Qd3 g6
28. Ng3 Qf4 29. Nef1 Na5 30. Re1 Qf6 31. Re3 h4 32. Rf3 Qg5 33. Ne2 Nc4 34. Ne3
b5 35. Ra7 Bd6 36. Ng4 Ra8 37. Rxa8 Rxa8 38. g3 Ra1+ 39. Kg2 Bxg4 40. hxg4 h3+
41. Kh2 Nd2 42. Nf4 Qxg4 0-1

[Event "Open de Figueres Miquel Mas 2016"]
[Site "Figueres ESP"]
[Date "2016.08.12"]
[Round "2.2"]
[White "Sandipan, Chanda"]
[Black "Bergez, Luc"]
[Result "1-0"]
[WhiteElo "2572"]
[BlackElo "2344"]
[PlyCount "89"]
[EventDate "2016.08.11"]
[EventType "swiss"]
[EventRounds "9"]
[EventCountry "ESP"]
[SourceTitle "Ajedrez en Madrid"]
[Source "lmi"]
[SourceDate "2016.08.11"]
[SourceVersion "1"]
[SourceVersionDate "2018.07.27"]
[SourceQuality "1"]

1. d4 Nf6 2. Nf3 g6 3. Nbd2 Bg7 4. e4 d6 5. Bd3 O-O 6. O-O Nc6 7. c3 e5 8. h3
exd4 9. cxd4 d5 10. e5 Ne8 11. Bb5 Ne7 12. Re1 c6 13. Bf1 Qb6 14. Nb3 Nc7 15.
Bg5 Re8 16. Qd2 Ne6 17. Bf6 a5 18. Rac1 a4 19. Nc5 Qa5 20. Rc3 Nxc5 21. dxc5
Bf8 22. Qf4 d4 23. Bc4 dxc3 24. Bxf7+ Kxf7 25. e6+ Bxe6 26. Bxc3+ Bf5 27. Bxa5
Rxa5 28. Qc4+ Nd5 29. Ng5+ Kg7 30. Rxe8 Bxc5 31. Ne6+ Bxe6 32. Rxe6 Rb5 33. Qe4
Kf7 34. Re8 Be7 35. Rh8 Kg7 36. Qe5+ Bf6 37. Qb8 Kh6 38. Rf8 Rxb2 39. Rf7 a3
40. f4 Bd4+ 41. Kh2 Nf6 42. Qf8+ Kh5 43. Rxf6 Bxf6 44. Qxf6 h6 45. Kg3 1-0

[Event "Open de Figueres Miquel Mas 2016"]
[Site "Figueres ESP"]
[Date "2016.08.12"]
[Round "2.3"]
[White "Gonzalez Rodriguez, Jorge A."]
[Black "Gomez Garrido, Camilo Ernesto"]
[Result "1/2-1/2"]
[WhiteElo "2306"]
[BlackElo "2560"]
[PlyCount "173"]
[EventDate "2016.08.11"]
[EventType "swiss"]
[EventRounds "9"]
[EventCountry "ESP"]
[SourceTitle "Ajedrez en Madrid"]
[Source "lmi"]
[SourceDate "2016.08.11"]
[SourceVersion "1"]
[SourceVersionDate "2018.07.27"]
[SourceQuality "1"]

1. b3 e5 2. Bb2 Nc6 3. e3 Nf6 4. Nf3 e4 5. Ne5 Nxe5 6. Bxe5 Be7 7. d4 d6 8. Bg3
O-O 9. Be2 a5 10. O-O c6 11. c4 Bf5 12. Nc3 Re8 13. a3 h6 14. b4 axb4 15. axb4
Qb6 16. Qb3 Bf8 17. Na4 Qd8 18. c5 Be6 19. Qb2 Nd5 20. b5 dxc5 21. Nxc5 Bxc5
22. dxc5 Qf6 23. Qxf6 gxf6 24. b6 Nc3 25. Bh5 Na4 26. Bd6 Red8 27. Rfc1 Nxb6
28. Be7 Rxa1 29. Rxa1 Rd5 30. cxb6 Rxh5 31. Bxf6 Rb5 32. h4 Kh7 33. Bd8 c5 34.
Rc1 c4 35. g4 Rc5 36. Bf6 Bxg4 37. Kg2 Be6 38. Bd4 Rf5 39. Ra1 Kg6 40. Ra8 Kh5
41. Rb8 Bd5 42. Rh8 Bc6 43. Kg3 Rd5 44. Kf4 Rd6 45. Rf8 Kxh4 46. Rxf7 Kh3 47.
Rg7 Rd8 48. Rh7 Kg2 49. Rxh6 Rc8 50. Rh7 Kxf2 51. Rc7 Re8 52. Rxc6 bxc6 53. Be5
Re7 54. Bd6 Rb7 55. Kxe4 Rxb6 56. Kd4 Rb1 57. Bf4 Kf3 58. Kxc4 Ke4 59. Kc3 Rc1+
60. Kd2 Rc5 61. Bh6 Ra5 62. Kc3 Kd5 63. Bf8 Ra8 64. Be7 Ra7 65. Bf8 Ra1 66. Kd3
Rf1 67. e4+ Ke6 68. Bg7 Kd6 69. Bh6 Kc5 70. Be3+ Kb4 71. e5 c5 72. Ke4 Kb5 73.
e6 Rf6 74. Ke5 Rf3 75. Ke4 Rf8 76. Ke5 Kc6 77. e7 Ra8 78. Ke6 c4 79. Bd4 Rc8
80. Bc3 Rb8 81. Ba5 Re8 82. Bc3 Ra8 83. Ba5 Kc5 84. Bd8 Ra2 85. e8=Q Re2+ 86.
Kf7 Rxe8 87. Kxe8 1/2-1/2

[Event "Open de Figueres Miquel Mas 2016"]
[Site "Figueres ESP"]
[Date "2016.08.12"]
[Round "2.4"]
[White "Vidal Zamora, Alex"]
[Black "Movsziszian, Karen"]
[Result "1/2-1/2"]
[WhiteElo "2291"]
[BlackElo "2495"]
[PlyCount "55"]
[EventDate "2016.08.11"]
[EventType "swiss"]
[EventRounds "9"]
[EventCountry "ESP"]
[SourceTitle "Ajedrez en Madrid"]
[Source "lmi"]
[SourceDate "2016.08.11"]
[SourceVersion "1"]
[SourceVersionDate "2018.07.27"]
[SourceQuality "1"]

1. d4 d6 2. Nf3 g6 3. g3 Bg7 4. Bg2 Nd7 5. O-O e5 6. dxe5 dxe5 7. e4 Ngf6 8.
Qe2 O-O 9. Rd1 Re8 10. b3 a5 11. a4 b6 12. Nc3 Ba6 13. Qe1 Qb8 14. Ba3 Bf8 15.
Bxf8 Nxf8 16. Bf1 Bb7 17. Bc4 h6 18. h3 Kg7 19. Qe3 N8d7 20. Nh2 Qc8 21. Ng4
Nxg4 22. hxg4 Nc5 23. Qf3 Ne6 24. Bxe6 Qxe6 25. Nd5 Rac8 26. Rd2 Bxd5 27. Rxd5
Rcd8 28. Qd1 1/2-1/2

[Event "Open de Figueres Miquel Mas 2016"]
[Site "Figueres ESP"]
[Date "2016.08.12"]
[Round "2.5"]
[White "Oliva Castaneda, Kevel"]
[Black "Cuadras Avellana, Jordi"]
[Result "1-0"]
[WhiteElo "2491"]
[BlackElo "2303"]
[PlyCount "83"]
[EventDate "2016.08.11"]
[EventType "swiss"]
[EventRounds "9"]
[EventCountry "ESP"]
[SourceTitle "Ajedrez en Madrid"]
[Source "lmi"]
[SourceDate "2016.08.11"]
[SourceVersion "1"]
[SourceVersionDate "2018.07.27"]
[SourceQuality "1"]

1. d4 Nf6 2. c4 e6 3. g3 d5 4. Nf3 Be7 5. Bg2 O-O 6. O-O dxc4 7. Qa4 a6 8. Qxc4
b5 9. Qc2 Bb7 10. Bd2 Be4 11. Qc1 Bb7 12. Bf4 Bd6 13. Nbd2 Bxf4 14. gxf4 Qd6
15. Nb3 Nbd7 16. Rd1 Rfd8 17. Na5 Bd5 18. Ne5 Bxg2 19. Kxg2 Qb6 20. Nec6 Re8
21. b4 Nb8 22. Ne5 Nbd7 23. a3 Nxe5 24. fxe5 Nd5 25. Ra2 Rad8 26. Rc2 Rd7 27.
e4 Ne7 28. Rc5 Red8 29. Qe3 c6 30. Qc3 Rc7 31. f4 g6 32. Kf2 Qb8 33. Qg3 Rcd7
34. Ke3 Rf8 35. Qg5 Qd8 36. Rd2 f6 37. exf6 Rxf6 38. Nxc6 Nxc6 39. Rxc6 Qf8 40.
Rdc2 h6 41. Qe5 Rd8 42. Rxe6 1-0

[Event "Open de Figueres Miquel Mas 2016"]
[Site "Figueres ESP"]
[Date "2016.08.12"]
[Round "2.6"]
[White "Serra Pages, Jordi"]
[Black "Ortega Amarelle, Mariano"]
[Result "1/2-1/2"]
[WhiteElo "2244"]
[BlackElo "2432"]
[PlyCount "48"]
[EventDate "2016.08.11"]
[EventType "swiss"]
[EventRounds "9"]
[EventCountry "ESP"]
[SourceTitle "Ajedrez en Madrid"]
[Source "lmi"]
[SourceDate "2016.08.11"]
[SourceVersion "1"]
[SourceVersionDate "2018.07.27"]
[SourceQuality "1"]

1. d4 Nf6 2. c4 e6 3. g3 c5 4. d5 exd5 5. cxd5 d6 6. Bg2 g6 7. Nc3 Bg7 8. Nf3
O-O 9. O-O Re8 10. Nd2 a6 11. a4 Nbd7 12. Nc4 Ne5 13. Nxe5 Rxe5 14. a5 Rb8 15.
Bf4 Re8 16. Na4 Bd7 17. Nb6 Bb5 18. Re1 Ng4 19. e4 Ne5 20. Bf1 Bd7 21. Ra3 g5
22. Nxd7 Qxd7 23. Bxg5 b5 24. axb6 Rxb6 1/2-1/2

[Event "Open de Figueres Miquel Mas 2016"]
[Site "Figueres ESP"]
[Date "2016.08.12"]
[Round "2.7"]
[White "Mellado Trivino, Juan"]
[Black "Izagirre Alsua, Aritz"]
[Result "1-0"]
[WhiteElo "2427"]
[BlackElo "1913"]
[PlyCount "47"]
[EventDate "2016.08.11"]
[EventType "swiss"]
[EventRounds "9"]
[EventCountry "ESP"]
[SourceTitle "Ajedrez en Madrid"]
[Source "lmi"]
[SourceDate "2016.08.11"]
[SourceVersion "1"]
[SourceVersionDate "2018.07.27"]
[SourceQuality "1"]

1. e4 c5 2. Nf3 a6 3. c3 d5 4. exd5 Qxd5 5. d4 e6 6. Be2 cxd4 7. cxd4 Nf6 8.
Nc3 Qd8 9. Ne5 Be7 10. O-O O-O 11. Bf3 Nbd7 12. Bf4 Nb6 13. Bg3 Nbd5 14. Qb3
Qa5 15. Nc4 Qd8 16. Nxd5 Nxd5 17. Bxd5 exd5 18. Nb6 Be6 19. Nxa8 Qxa8 20. Be5
Re8 21. Rac1 b5 22. Qg3 Bf8 23. Rc7 Rc8 24. Rfc1 1-0

[Event "Open de Figueres Miquel Mas 2016"]
[Site "Figueres ESP"]
[Date "2016.08.12"]
[Round "2.9"]
[White "Gluhovsky, Mark"]
[Black "Pinsach Gelabert, Alexandre"]
[Result "1-0"]
[WhiteElo "2231"]
[BlackElo "2077"]
[PlyCount "51"]
[EventDate "2016.08.11"]
[EventType "swiss"]
[EventRounds "9"]
[EventCountry "ESP"]
[SourceTitle "Ajedrez en Madrid"]
[Source "lmi"]
[SourceDate "2016.08.11"]
[SourceVersion "1"]
[SourceVersionDate "2018.07.27"]
[SourceQuality "1"]

1. e4 c5 2. Nf3 d6 3. d4 cxd4 4. Nxd4 Nf6 5. Nc3 a6 6. h3 e6 7. g4 d5 8. exd5
Nxd5 9. Nde2 Bb4 10. Bg2 Nc6 11. O-O Nxc3 12. Qxd8+ Nxd8 13. Nxc3 Bxc3 14. bxc3
Bd7 15. Rb1 Rc8 16. Ba3 b5 17. Rfd1 Rxc3 18. Bb2 Rxc2 19. Bxg7 Rg8 20. Bf6 Nc6
21. Rd6 Rg6 22. g5 Rc4 23. Rbd1 Nb8 24. Rb6 Nc6 25. Bxc6 Rxc6 26. Rb8+ 1-0

[Event "Open de Figueres Miquel Mas 2016"]
[Site "Figueres ESP"]
[Date "2016.08.12"]
[Round "2.10"]
[White "Aroshidze, Levan"]
[Black "Serrano Martinez, Francisco Jo"]
[Result "1-0"]
[WhiteElo "2520"]
[BlackElo "1858"]
[PlyCount "67"]
[EventDate "2016.08.11"]
[EventType "swiss"]
[EventRounds "9"]
[EventCountry "ESP"]
[SourceTitle "Ajedrez en Madrid"]
[Source "lmi"]
[SourceDate "2016.08.11"]
[SourceVersion "1"]
[SourceVersionDate "2018.07.27"]
[SourceQuality "1"]

1. e4 c5 2. Nf3 Nc6 3. d4 cxd4 4. Nxd4 g6 5. Nc3 Bg7 6. Be3 Nf6 7. Bc4 Qa5 8.
O-O O-O 9. Bb3 d6 10. h3 Bd7 11. Re1 Qh5 12. Nxc6 Bxc6 13. Nd5 Bxd5 14. exd5
Qxd1 15. Raxd1 Rfc8 16. c3 b5 17. Bd4 Kf8 18. a4 Rcb8 19. a5 Rb7 20. g4 Rc8 21.
a6 Rbc7 22. Ra1 h6 23. Ra5 Rb8 24. Re2 g5 25. f3 Ne8 26. Bf2 Nf6 27. Kg2 Nd7
28. Re4 b4 29. Rxb4 Rxb4 30. cxb4 Bxb2 31. Ra2 Be5 32. Rc2 Rc3 33. Rxc3 Bxc3
34. Ba4 1-0

[Event "Open de Figueres Miquel Mas 2016"]
[Site "Figueres ESP"]
[Date "2016.08.12"]
[Round "2.11"]
[White "Renteria, Jorge"]
[Black "Dave, Dhyani"]
[Result "1-0"]
[WhiteElo "2264"]
[BlackElo "2128"]
[PlyCount "39"]
[EventDate "2016.08.11"]
[EventType "swiss"]
[EventRounds "9"]
[EventCountry "ESP"]
[SourceTitle "Ajedrez en Madrid"]
[Source "lmi"]
[SourceDate "2016.08.11"]
[SourceVersion "1"]
[SourceVersionDate "2018.07.27"]
[SourceQuality "1"]

1. e4 c5 2. Nf3 d6 3. d4 cxd4 4. Nxd4 Nf6 5. Nc3 a6 6. f3 e5 7. Nb3 Be6 8. Be3
Be7 9. Qd2 h5 10. Be2 Nbd7 11. O-O Rc8 12. a4 b6 13. Bxa6 Ra8 14. Be2 O-O 15.
Nd5 Nxd5 16. exd5 Bf5 17. a5 bxa5 18. Nxa5 Qc7 19. Nc6 Bf6 20. g4 1-0

[Event "Open de Figueres Miquel Mas 2016"]
[Site "Figueres ESP"]
[Date "2016.08.13"]
[Round "3.1"]
[White "Cordova, Emilio"]
[Black "Mellado Trivino, Juan"]
[Result "1-0"]
[WhiteElo "2627"]
[BlackElo "2427"]
[PlyCount "121"]
[EventDate "2016.08.11"]
[EventType "swiss"]
[EventRounds "9"]
[EventCountry "ESP"]
[SourceTitle "Ajedrez en Madrid"]
[Source "lmi"]
[SourceDate "2016.08.11"]
[SourceVersion "1"]
[SourceVersionDate "2018.07.27"]
[SourceQuality "1"]

1. d4 d5 2. Nf3 c5 3. g3 Nf6 4. Bg2 e6 5. O-O Nc6 6. c4 dxc4 7. Qa4 cxd4 8.
Nxd4 Qxd4 9. Bxc6+ Bd7 10. Rd1 Bxc6 11. Qxc6+ bxc6 12. Rxd4 Be7 13. Rxc4 c5 14.
Bg5 Nd7 15. Bxe7 Kxe7 16. Nd2 Rab8 17. b3 Rb5 18. Rac1 Ra5 19. R1c2 Rb8 20. f4
f5 21. Kf2 Rbb5 22. h3 Ra3 23. Nb1 Raa5 24. Nc3 Rb4 25. Rxb4 cxb4 26. Na4 Kd6
27. Rc4 Rb5 28. g4 a5 29. Rc8 Rb8 30. Rc2 Rb5 31. e4 fxe4 32. Ke3 Nf6 33. g5
Nd5+ 34. Kxe4 Rb8 35. Nc5 Nc3+ 36. Kd4 Rb5 37. Ne4+ Nxe4 38. Kxe4 Rd5 39. Rc8
Ke7 40. Rc7+ Kf8 41. Ra7 h5 42. g6 Rf5 43. h4 Rf6 44. Ra8+ Ke7 45. Rxa5 Rxg6
46. Rxh5 Rg2 47. Rg5 Rxa2 48. Rxg7+ Kd6 49. h5 Rh2 50. Rg5 Rh3 51. h6 Rxh6 52.
Rb5 Rh4 53. Rb6+ Kc5 54. Rxe6 Rh3 55. Re5+ Kc6 56. f5 Rxb3 57. f6 Rb1 58. f7
Re1+ 59. Kf5 Rf1+ 60. Ke6 b3 61. Re3 1-0